|
|
|
|
| LEADER |
01546nam a2200349 a 4500 |
| 001 |
30276 |
| 003 |
BD-DhAAL |
| 005 |
20151207101741.0 |
| 008 |
151207r20051992enka b 001 0 eng |
| 010 |
|
|
|a 91016227
|
| 020 |
|
|
|a 0521383234 (hardback)
|
| 020 |
|
|
|a 0521387485 (paperback)
|
| 020 |
|
|
|a 9780521387484 Hardback
|
| 020 |
|
|
|a 9780521383233 Paperback
|
| 040 |
|
|
|a DLC
|c DLC
|d DLC
|d BD-DhAAL
|
| 050 |
0 |
0 |
|a JC223
|b .M652 1992
|
| 082 |
0 |
0 |
|a 320.01
|2 20
|
| 100 |
1 |
|
|a Mill, James,
|d 1773-1836.
|9 3514
|
| 245 |
1 |
0 |
|a Political writings /
|c James Mill ; edited by Terence Ball.
|
| 260 |
|
|
|a Cambridge [England] ;
|a New York :
|b Cambridge University Press,
|c 1992 [reprinted 2005]
|
| 300 |
|
|
|a xxxvii, 317 p. :
|b ill. ;
|c 23 cm.
|
| 490 |
|
0 |
|a Cambridge texts in the history of political thought
|
| 504 |
|
|
|a Includes bibliographical references and index.
|
| 541 |
|
|
|e 30276
|
| 650 |
|
0 |
|a Political science.
|9 16639
|
| 700 |
1 |
|
|a Ball, Terence.
|9 16640
|
| 856 |
4 |
2 |
|3 Publisher description
|u http://www.loc.gov/catdir/description/cam024/91016227.html
|
| 856 |
4 |
1 |
|3 Table of contents
|u http://www.loc.gov/catdir/toc/cam022/91016227.html
|
| 942 |
|
|
|2 ddc
|c BK
|
| 999 |
|
|
|c 36350
|d 36350
|
| 952 |
|
|
|0 0
|1 0
|2 ddc
|4 0
|6 320_010000000000000_MIL
|7 0
|9 57166
|a BRACUL
|b BRACUL
|c GEN
|d 2015-12-07
|e Karim International
|g 2375.00
|l 0
|o 320.01 MIL
|p 3010030276
|r 2015-12-07
|t 1
|w 2015-12-07
|y BK
|
| 952 |
|
|
|0 0
|1 0
|2 ddc
|4 0
|6 320_010000000000000_MIL
|7 0
|9 57167
|a BRACUL
|b BRACUL
|c GEN
|d 2015-12-07
|e Karim International
|g 2375.00
|l 0
|o 320.01 MIL
|p 3010030277
|r 2015-12-07
|t 2
|w 2015-12-07
|y BK
|